MARC

LEADER 00000nam0a2200000 4500
001 109887
005 20231031120216.0
035 |a (RuTPU)RU\TPU\book\118664 
090 |a 109887 
100 |a 20070214d1966 m y0rusy50 ca 
101 0 |a rus 
102 |a RU 
105 |a a z 001zy 
200 1 |a Динамическая прочность и хрупкость металлов  |f Г. И. Погодин-Алексеев 
210 |a Москва  |c Машиностроение  |d 1966 
215 |a 243 с.  |c ил. 
320 |a Библиогр.: с. 241-243. 
610 1 |a металлы 
610 1 |a прочность 
610 1 |a хрупкость 
610 1 |a пластичность 
610 1 |a оценка 
610 1 |a влияющие факторы 
610 1 |a хладноломкость 
610 1 |a синеломкость 
675 |a 621.7М.01:539.4  |v 3 
675 |a 621.7М.01:539.3  |v 3 
700 1 |a Погодин-Алексеев  |b Г. И.  |g Георгий Иванович 
801 1 |a RU  |b 63413507  |c 20070214  |g PSBO 
801 2 |a RU  |b 63413507  |c 20170531  |g PSBO 
942 |c BK